00510nam a22001457a 4500008004100000040005500041080002700096245009900123260005600222300001100278490002700289500001400316650002100330653001300351230418b |||||||| |||| 00| 0 eng d aNational Science LibrarycNational Science Library a371.214:378.9(774)bK4 aFerris state college school bulletin c/Ferris State College Big Rapids, Catalog for 1964-1965 aMichigan: bFerris State College Big Rapids, c1884 a311p.  aOfficial series vNo.9 aVol. 40,  aSchool bulletin  aCatalog